000 01688cam a2200373 a 4500
001 12130398
003 ARRUPE
005 20140208020009.0
008 000803s2001 caua b 001 0 eng
010 _a 00062854
020 _a0520204344 (cloth : alk. paper)
020 _a0520204352 (pbk.)
040 _aDLC
_cDLC
_dDLC
041 1 _aeng
_hfre
050 0 0 _aHN780.Z9
_bP66413 2001
082 0 0 _a302.3/096
_221
100 1 _aMbembé, J.-A.,
_d1957-
_96381
240 1 0 _aNotes provisoires sur la postcolonie.
_lEnglish
245 1 0 _aOn the postcolony /
_cAchille Mbembe.
260 _aBerkeley :
_bUniversity of California Press,
_cc2001.
300 _a274 p. :
_bill. ;
_c24 cm.
440 0 _aStudies on the history of society and culture ;
_v41
_96382
500 _aOriginal title: Notes provisoires sur la postcolonie.
504 _aIncludes bibliographical references (p. 245-269) and index.
650 0 _aPower (Social sciences)
_zAfrica.
_96383
650 0 _aPostcolonialism
_zAfrica.
_96384
650 0 _aSubjectivity.
_96385
856 4 2 _3Contributor biographical information
_uhttp://www.loc.gov/catdir/bios/ucal051/00062854.html
856 4 2 _3Publisher description
_uhttp://www.loc.gov/catdir/description/ucal041/00062854.html
856 4 2 _3Book review (H-Net)
_uhttp://www.h-net.org/review/hrev-a0c3j3-aa
906 _a7
_bcbc
_corignew
_d1
_eocip
_f20
_gy-gencatlg
942 _2lcc
_cMONOGRAPH
_02
999 _c119465
_d119465